| 000 | 00367nam a2200157Ia 4500 | ||
|---|---|---|---|
| 008 | 210210b1958 xxu||||| |||| 00| 0 eng d | ||
| 041 | _aeng | ||
| 082 | _a822/86 | ||
| 100 | _aBEERBOHM (M) | ||
| 245 | _aSelected essays | ||
| 260 |
_aLondon _bWilliam Heinemann Ltd. _c1958 |
||
| 650 | _aSelected | ||
| 650 | _aessays | ||
| 690 | _aEnglish Prose | ||
| 906 | _a012273 | ||
| 999 |
_c131059 _d131059 |
||